| 000 | 00663nac a22001571u 4500 | ||
|---|---|---|---|
| 008 | 080828s ua|||||r|||| 000 0 ara d | ||
| 082 |
_a335.43 _bف ي د |
||
| 245 |
_aالفلسفة والمعرفة العلمية/ _cبيوتر فيدوسييف؛ ترجمة حمدى عبد الجواد؛ مراجعة سعد الفيشاوى |
||
| 260 |
_aالقاهرة : _bدار العالم الجديد، 1989. _c1989. |
||
| 300 |
_a339ص؛ _c24سم |
||
| 504 | _aببليوجرافية: ص334-339 | ||
| 511 | _aCatalogued by: Sara | ||
| 541 |
_aألف باء; _cشراء; |
||
| 650 |
_aالماركسية اللينينية _922285 |
||
| 942 |
_cBB _k335.43 ف ي د _2ddc |
||
| 999 |
_c7387 _d7387 |
||